[Event "AUTO-BEG-386"]
[Site "http://www.queenalice.com/game.php?id=750306"]
[Date "2010.3.23"]
[Round "1"]
[White "Ichthyophage"]
[Black "rickster"]
[Result "1-0"]
[WhiteElo "1226"]
[BlackElo "1202"]

1. c4 e6 2. g3 Nc6 3. Bg2 Nf6 4. Nc3 Nb4 5. a3 Na6 6. b4 c5 7. b5 Nc7 8. a4 a6
9. Bb2 Ng4 10. Nf3 d5 11. d3 g6 12. Na2 Bd6 13. Bxh8 axb5 14. cxb5 b6 15. Bb2 h6
16. Qd2 Rxa4 17. h3 Nxb5 18. hxg4 c4 19. Qxh6 Bf8 20. Bg7 Nc3 21. Bxf8 Nxa2 22.
Bg7 cxd3 23. Qd2 Nb4 24. Rxa4 Nc2+ 25. Kd1 Bd7 26. Rh8+ Ke7 27. Rxd8 Kxd8 28.
Ra8+ Bc8 29. Bf6+ Kc7 30. Qxd3 b5 31. Qxc2+ Kd6 32. Qxc8 b4 33. Ra6# 1-0

[Event "AUTO-BEG-386"]
[Site "http://www.queenalice.com/game.php?id=750307"]
[Date "2010.3.23"]
[Round "1"]
[White "rickster"]
[Black "Ichthyophage"]
[Result "0-1"]
[WhiteElo "1202"]
[BlackElo "1100"]

1. d4 Nf6 2. g3 d5 3. Bh3 e6 4. Nc3 c5 5. Bf4 Nc6 6. e3 Be7 7. Nf3 O-O 8. dxc5
Bxc5 9. Ng5 h6 10. Nf3 Re8 11. Qd3 e5 12. Bf5 Bxf5 13. Qxf5 exf4 14. gxf4 Bb4
15. Rd1 Bxc3+ 16. bxc3 Ne7 17. Qh3 Ne4 18. Qg2 Nxc3 19. Rg1 g6 20. Nh4 Nxd1 21.
f5 Nxe3 22. fxe3 Qa5+ 23. Qd2 Qxd2+ 24. Kxd2 g5 25. Rg2 Kh7 26. c3 gxh4 27. f6
Ng6 28. a3 Re6 29. Rg4 Rxf6 30. Rd4 Rf2+ 31. Kd3 Ne5# 0-1

[Event "Neue Partie"]
[Site "http://www.queenalice.com/game.php?id=757419"]
[Date "2010.4.7"]
[Round "-"]
[White "Ichthyophage"]
[Black "arkadiusz42"]
[Result "1-0"]
[WhiteElo "1611"]
[BlackElo "1570"]

1. c4 d5 2. g3 dxc4 3. Qa4+ Nc6 4. Qxc4 Be6 5. Qc2 Nd4 6. Qd1 Bd5 7. f3 e6 8.
Bg2 g5 9. Nc3 g4 10. Nxd5 Qxd5 11. e3 Qe5 12. Qa4+ Nb5 13. Qxg4 Na3 14. Qa4+ b5
15. Qd1 Bb4 16. f4 Qd6 17. bxa3 Ba5 18. Bxa8 c6 19. Ne2 Qd5 20. O-O Nf6 21. d3
Ke7 22. Bb7 Rb8 23. Bxc6 Qxc6 24. Nd4 Qc3 25. Bd2 Qxa3 26. Bc1 Qc3 27. Rb1 Qc7
28. Ba3+ b4 29. Qb3 Rb6 30. Bb2 Nd5 31. Rbc1 Qb7 32. e4 Ne3 33. Rfe1 Ng4 34. Nf3
f6 35. h3 Nh6 36. Re3 f5 37. exf5 Nxf5 38. Re5 Ng7 39. Rxa5 Nf5 40. Rac5 Kd6 41.
Be5+ Ke7 42. Rc7+ Kf8 43. Rxb7 Rxb7 44. Qxe6 Ne7 45. Ng5 Ng6 46. Rc8# 1-0

[Event "Let's Play Chess!"]
[Site "http://www.queenalice.com/game.php?id=772978"]
[Date "2010.5.9"]
[Round "-"]
[White "Ichthyophage"]
[Black "PlinioSalgado"]
[Result "0-1"]
[WhiteElo "1614"]
[BlackElo "1966"]

1. c4 Nf6 2. g3 d5 3. Bg2 c6 4. b3 Bf5 5. Bb2 e6 6. a3 Bc5 7. e3 Nbd7 8. Ne2 Qb6
9. d4 Be7 10. c5 Qc7 11. O-O e5 12. b4 O-O 13. Nd2 a5 14. Bc3 axb4 15. axb4 b6
16. Qb3 Bd3 17. Rfe1 Bxe2 18. Rxa8 Rxa8 19. Rxe2 e4 20. Re1 b5 21. Ra1 Rxa1+ 22.
Bxa1 Qa7 23. Qb1 g5 24. Bb2 h5 25. h3 Nh7 26. Qa1 Qxa1+ 27. Bxa1 f5 28. f3 exf3
29. Nxf3 g4 30. hxg4 fxg4 31. Ne1 Ng5 32. Bb2 Nf6 33. Nd3 Nge4 34. Ne5 Nxg3 35.
Nxc6 Kf7 36. Nxe7 Kxe7 37. Kf2 Nge4+ 38. Ke2 h4 39. Kf1 h3 40. Bxe4 Nxe4 0-1

[Event "Challenge"]
[Site "http://www.queenalice.com/game.php?id=781107"]
[Date "2010.5.26"]
[Round "-"]
[White "Sigmund"]
[Black "Ichthyophage"]
[Result "0-1"]
[WhiteElo "1714"]
[BlackElo "1632"]

1. e4 e5 2. Nf3 Nc6 3. Bc4 h6 4. a3 Nf6 5. O-O Nxe4 6. d3 Nf6 7. Be3 d5 8. Bb3
Bd6 9. d4 e4 10. Nfd2 Bxh2+ 11. Kxh2 Ng4+ 12. Kg1 Qd6 13. g3 Nxe3 14. fxe3 Qxg3+
15. Kh1 Qh3+ 16. Kg1 Qxe3+ 17. Rf2 Bh3 18. Qe2 Qg5+ 19. Kh1 Nxd4 20. Qe3 Qxe3
0-1

[Event "Let's Play Chess!"]
[Site "http://www.queenalice.com/game.php?id=825570"]
[Date "2010.8.30"]
[Round "-"]
[White "chessweed69"]
[Black "Ichthyophage"]
[Result "0-1"]
[WhiteElo "1767"]
[BlackElo "1677"]

1. Nf3 d5 2. d4 Nf6 3. Nc3 Nc6 4. Bf4 e6 5. e3 Be7 6. Ne5 Nxe5 7. Bxe5 O-O 8.
Bxf6 Bxf6 9. h4 c6 10. Na4 Qa5+ 11. Nc3 e5 12. f3 exd4 13. exd4 Bf5 14. g4 Rfe8+
15. Be2 Bd7 16. g5 Bd8 17. Qd3 Bc7 18. O-O-O Bf4+ 19. Kb1 Re3 20. Qd2 Rae8 21.
Qe1 Rxf3 22. Rf1 Rxf1 23. Qxf1 Qc7 24. Rd3 Bd6 25. h5 Bf4 26. Rf3 Bxg5 27. Rxf7
Bf6 28. Rxf6 gxf6 29. Qxf6 Bc8 30. h6 Qf7 31. Qg5+ Qg6 32. Qxg6+ hxg6 33. a3 Bf5
34. b4 Kh7 35. a4 Kxh6 36. Kc1 g5 37. Kd1 g4 38. Ke1 Bxc2 39. Kd2 Be4 40. Bxg4
Re7 41. Be2 Kg5 42. Ke3 a6 43. b5 a5 44. b6 Bg2+ 45. Kf2 Bh3 46. Nb1 Bg4 47. Bd3
Bf5 48. Bf1 Bxb1 49. Kg3 Re4 0-1

[Event "AUTO-OPEN-1891"]
[Site "http://www.queenalice.com/game.php?id=830934"]
[Date "2010.9.10"]
[Round "2"]
[White "Ichthyophage"]
[Black "goldenboy"]
[Result "1-0"]
[WhiteElo "1727"]
[BlackElo "2061"]

1. c4 e5 2. Nc3 Nf6 3. g3 c6 4. Bg2 d5 5. d4 dxc4 6. dxe5 Qxd1+ 7. Nxd1 Ng4 8.
Nf3 Bb4+ 9. Bd2 Bxd2+ 10. Nxd2 Nxe5 11. f4 Ng4 12. Nxc4 O-O 13. h3 Nf6 14. Nc3
Nbd7 15. Kf2 Nc5 16. b4 Ne6 17. e4 Nd4 18. Rhd1 Nc2 19. Rab1 Be6 20. Nd6 Na3 21.
Rb2 Nc4 22. Nxc4 Bxc4 23. e5 Nh5 24. Rd4 Be6 25. g4 Nxf4 26. Rxf4 Rad8 27. b5
Rd3 28. bxc6 Rxc3 29. cxb7 Rb8 30. Ra4 Rd3 31. Rxa7 g6 32. Ra8 Rdd8 33. Rxb8
Rxb8 34. a4 Kf8 35. a5 Bc4 36. Rb6 Ke7 37. a6 Bxa6 38. Rxa6 Kd7 39. Ra8 Kc7 40.
Rxb8 Kxb8 41. Bd5 Kc7 42. Bxf7 Kxb7 43. e6 Kc7 44. e7 Kd6 45. e8=Q Kc5 46. Bxg6
hxg6 47. Qd8 Kc6 48. Ke3 g5 49. Kd4 Kb7 50. Kc5 Ka7 51. Qd7+ Ka6 52. Qb5+ Ka7
53. Kc6 1-0

[Event "AUTO-OPEN-1891"]
[Site "http://www.queenalice.com/game.php?id=830935"]
[Date "2010.9.10"]
[Round "2"]
[White "goldenboy"]
[Black "Ichthyophage"]
[Result "0-1"]
[WhiteElo "2050"]
[BlackElo "1697"]

1. e4 e5 2. f4 exf4 3. Nf3 g5 4. Bc4 g4 5. O-O gxf3 6. Qxf3 Qf6 7. d3 Nc6 8. c3
Ne5 9. Qh5 Nxc4 10. Rxf4 Qg6 11. Qxg6 hxg6 12. dxc4 Bc5+ 13. Kh1 Bd6 14. Rf1
Bxh2 15. g4 d6 16. Kg2 Be5 17. Bf4 Bxg4 18. Bxe5 dxe5 19. Rf2 f5 20. Nd2 Bh3+
21. Kg1 Nf6 22. exf5 gxf5 23. Nf3 O-O-O 24. Rd2 Rdg8+ 25. Kf2 Ne4+ 26. Ke3 Nxd2
27. Kxd2 Rg2+ 28. Ke3 f4+ 29. Ke4 Re2+ 30. Kd5 Rd8+ 31. Kc5 Rxb2 32. Nd4 b6+ 0-1

[Event "AUTO-OPEN-1891"]
[Site "http://www.queenalice.com/game.php?id=908960"]
[Date "2011.3.5"]
[Round "3"]
[White "TheBigSid"]
[Black "Ichthyophage"]
[Result "0-1"]
[WhiteElo "2141"]
[BlackElo "1786"]

1. d4 Nf6 2. c4 c5 3. Nf3 cxd4 4. Nxd4 e5 5. Nb5 d6 6. N1c3 a6 7. Na3 Be6 8. e4
Be7 9. Bg5 Nbd7 10. Bxf6 Nxf6 11. Nc2 O-O 12. Ne3 Rc8 13. Ned5 Bxd5 14. cxd5
Rxc3 15. bxc3 Nxe4 16. Qc2 Qa5 17. Rc1 Bg5 18. Bd3 Rc8 19. Bxe4 Bxc1 20. Bxh7+
Kh8 21. O-O Rxc3 22. Qb1 Qc5 23. Be4 b5 24. Bf3 g6 25. h4 Bf4 26. h5 Bg3 27.
hxg6 Bxf2+ 28. Kh1 Qc4 0-1

[Event "AUTO-OPEN-1891"]
[Site "http://www.queenalice.com/game.php?id=908961"]
[Date "2011.3.5"]
[Round "3"]
[White "Ichthyophage"]
[Black "TheBigSid"]
[Result "1-0"]
[WhiteElo "1756"]
[BlackElo "2164"]

1. c4 Nf6 2. g3 d5 3. cxd5 Nxd5 4. Bg2 c6 5. Nc3 e5 6. Nf3 Bd6 7. d4 Nxc3 8.
bxc3 exd4 9. Nxd4 O-O 10. O-O Nd7 11. Nxc6 Qc7 12. Bf4 Bxf4 13. Ne7+ Kh8 14. Nd5
Qa5 15. Nxf4 Qxc3 16. Rc1 Qa5 17. Rxc8 Raxc8 18. Qxd7 b6 19. Bd5 Rcd8 20. Qf5
Qc5 21. e4 b5 22. Nh3 h6 23. Nf4 a5 24. Nd3 Qd6 25. Ne5 1-0

[Event "AUTO-OPEN-1891"]
[Site "http://www.queenalice.com/game.php?id=908962"]
[Date "2011.3.5"]
[Round "3"]
[White "RenatoAraujo"]
[Black "Ichthyophage"]
[Result "0-1"]
[WhiteElo "1773"]
[BlackElo "1840"]

1. e4 e5 2. Nf3 Nc6 3. Bb5 a6 4. Ba4 Nf6 5. O-O Nxe4 6. d4 exd4 7. Re1 d5 8.
Nxd4 Bd6 9. Nxc6 Bxh2+ 10. Kf1 Qh4 11. Be3 O-O 12. Nd4 Bg4 13. Nf3 Qh5 14. Nbd2
Be5 15. Qc1 Nxd2+ 16. Qxd2 Bxf3 17. gxf3 Qxf3 18. Bc5 Bxb2 19. Rab1 Bc3 20. Qe3
Qh1+ 21. Ke2 Bxe1 22. Bxf8 Qh4 23. Be7 Qxa4 24. Rxe1 Qxc2+ 25. Kf3 Re8 26. Qg5
Qc3+ 27. Re3 Qc6 28. Ke2 d4 29. Re5 h6 30. Qg3 Qc4+ 31. Kf3 Qd3+ 32. Kg2 Qxg3+
33. fxg3 f5 34. Bd6 Rxe5 35. Bxe5 c5 36. Kf3 g5 37. Bd6 c4 38. Be5 d3 39. Ke3
Kf7 40. Bc3 h5 41. a4 h4 42. gxh4 gxh4 43. a5 Ke6 44. Be1 h3 45. Kf3 Kd5 46. Kg3
Kd4 47. Kxh3 Ke3 48. Kg2 d2 49. Bxd2+ Kxd2 0-1

[Event "AUTO-OPEN-1891"]
[Site "http://www.queenalice.com/game.php?id=908963"]
[Date "2011.3.5"]
[Round "3"]
[White "Ichthyophage"]
[Black "RenatoAraujo"]
[Result "1-0"]
[WhiteElo "1816"]
[BlackElo "2016"]

1. c4 Nf6 2. g3 c6 3. Bg2 d5 4. cxd5 cxd5 5. Nf3 g6 6. Qb3 Bg7 7. Nc3 O-O 8. d4
Nc6 9. O-O Ne4 10. Bf4 g5 11. Be3 Nxc3 12. bxc3 h6 13. h4 Na5 14. Qb4 f6 15.
hxg5 fxg5 16. Ne5 Nc6 17. Qb5 Nxe5 18. dxe5 e6 19. c4 dxc4 20. Qxc4 Bxe5 21.
Rac1 Qf6 22. Rfd1 a6 23. Qe4 Qf5 24. Qa4 Qf7 25. Bc5 Re8 26. Ba3 Rb8 27. Qa5 Qf6
28. Qb6 g4 29. Bd6 Bxd6 30. Qxd6 Ra8 31. Rd4 Qg5 32. Rc7 1-0

[Event "AUTO-OPEN-3040"]
[Site "http://www.queenalice.com/game.php?id=1202254"]
[Date "2013.7.24"]
[Round "1"]
[White "Ichthyophage"]
[Black "chunyi2012"]
[Result "0-1"]
[WhiteElo "1839"]
[BlackElo "2225"]

1. c4 Nf6 2. g3 g6 3. Bg2 Bg7 4. Nc3 O-O 5. d4 d6 6. Nf3 c6 7. O-O d5 8. cxd5
cxd5 9. Re1 Nc6 10. e4 dxe4 11. Nxe4 Nxe4 12. Rxe4 Bf5 13. Re1 Qb6 14. b3 Nxd4
15. Nxd4 Qxd4 16. Qxd4 Bxd4 17. Bxb7 Rab8 18. Be4 Bxa1 19. Bxf5 gxf5 20. Bh6 Bg7
21. Bxg7 Kxg7 22. Rxe7 a6 0-1

[Event "AUTO-OPEN-3040"]
[Site "http://www.queenalice.com/game.php?id=1202255"]
[Date "2013.7.24"]
[Round "1"]
[White "chunyi2012"]
[Black "Ichthyophage"]
[Result "1-0"]
[WhiteElo "2226"]
[BlackElo "1837"]

1. e4 e5 2. Nf3 Nc6 3. Bb5 a6 4. Bxc6 dxc6 5. O-O Bd6 6. d4 exd4 7. Qxd4 c5 8.
Qxg7 Qf6 9. Qxf6 Nxf6 10. e5 Bxe5 11. Re1 Be6 12. Nxe5 O-O 13. Be3 Rad8 14. Nc3
Nd5 15. Bxc5 Rfe8 16. Ng4 Kg7 17. Nxd5 Rxd5 18. Bb4 h5 19. Bc3+ Kg6 20. Nf6 Red8
21. Nxd5 Rxd5 22. Re3 1-0

[Event "AUTO-OPEN-3040"]
[Site "http://www.queenalice.com/game.php?id=1202258"]
[Date "2013.7.24"]
[Round "1"]
[White "Ichthyophage"]
[Black "Champignac"]
[Result "0-1"]
[WhiteElo "1835"]
[BlackElo "1933"]

1. c4 c5 2. g3 Nc6 3. Bg2 e6 4. Nc3 Nf6 5. e3 Be7 6. Nge2 Nb4 7. d4 O-O 8. O-O
Rb8 9. a3 Nc6 10. d5 exd5 11. cxd5 Ne5 12. b3 Neg4 13. f3 d6 14. fxg4 Nxg4 15.
e4 Bf6 16. Rb1 b6 17. Qe1 Bd7 18. h3 Ne5 19. Qd1 Qc8 20. Be3 Bxh3 21. Nb5 Bxg2
22. Kxg2 Qd7 23. a4 Ng4 24. Bf4 Be5 25. Qd2 a6 26. Nbc3 f5 27. Bxe5 Nxe5 28.
exf5 Rxf5 29. Rxf5 Qxf5 30. Rf1 Qg6 31. Nf4 Qg5 32. Qc1 Ng4 33. Ne6 Qe7 34. Qf4
Ne5 35. Ne4 h6 36. Qf7+ Nxf7 0-1

[Event "AUTO-OPEN-3040"]
[Site "http://www.queenalice.com/game.php?id=1202259"]
[Date "2013.7.24"]
[Round "1"]
[White "Champignac"]
[Black "Ichthyophage"]
[Result "1-0"]
[WhiteElo "1914"]
[BlackElo "1853"]

1. g3 d5 2. Bg2 Nf6 3. Nf3 Nc6 4. O-O e6 5. d3 Be7 6. Nc3 O-O 7. d4 Re8 8. h4 h6
9. Nh2 Bd6 10. e4 dxe4 11. Bxe4 Nxe4 12. Nxe4 Bd7 13. Nxd6 cxd6 14. Ng4 d5 15.
Nxh6+ gxh6 16. Bxh6 f5 17. Bg5 Qb6 18. Qh5 Kg7 19. Qh6+ Kf7 20. Qh7+ 1-0